书目信息 |
| 题名: |
唐山地震之谜
|
|
| 作者: | 邓禹仁 编著 | |
| 分册: | ||
| 出版信息: | 北京 地震出版社 1986 |
|
| 页数: | 99页 | |
| 开本: | 19cm | |
| 丛书名: | ||
| 单 册: | ||
| 中图分类: | P316.222 | |
| 科图分类: | ||
| 主题词: | 岩石--物理学 , 固体地球物理学 | |
| 电子资源: | ||
| ISBN: | ||
| 000 | 00651nam0 2200253 45 | |
| 001 | 0186010995 | |
| 005 | 20040701101943.1 | |
| 010 | @dCNY0.70 | |
| 091 | @a13180.363 | |
| 100 | @a19900818d1986 emky0chiy0121 ea | |
| 101 | 0 | @achi |
| 102 | @aCN@b110000 | |
| 105 | @ay z 000yy | |
| 106 | @ar | |
| 200 | 10 | @a唐山地震之谜@Atang shan di zhen zhi mi@f邓禹仁编著 |
| 210 | @a北京@c地震出版社@d1986 | |
| 215 | @a99页@d19cm | |
| 606 | 0 | @a岩石@x物理学 |
| 606 | 0 | @a固体地球物理学 |
| 690 | @aP316.222 | |
| 701 | 0 | @a邓禹仁@Adeng yu ren@4编著 |
| 801 | 0 | @aCN@b深圳图书馆@c20040701 |
| 801 | 2 | @aCN@bNLC@c20040701 |
| 905 | @f1@b166294@dP316.222@e32 | |
| 唐山地震之谜/邓禹仁编著.-北京:地震出版社,1986 |
| 99页;19cm |
| ISBN :CNY0.70 |
| ● |
| 相关链接 |
|
|
|
|
正题名:唐山地震之谜
索取号:P316.222/32
 
预约/预借
| 序号 | 登录号 | 条形码 | 馆藏地/架位号 | 状态 | 备注 |
| 1 | 0166294 | 001941796 | 第三借阅区/ [索取号:P316.222/32] | 在馆 | |
| 2 | 0166295 | 000626503 | 第二样本阅览室/ [索取号:P316.222/32] | 在馆 |